MARC details
| 000 -LEADER |
| fixed length control field |
03587nam a22005177a 4500 |
| 008 - FIXED-LENGTH DATA ELEMENTS--GENERAL INFORMATION |
| fixed length control field |
240618b ||||| |||| 00| 0 spa d |
| 020 ## - INTERNATIONAL STANDARD BOOK NUMBER |
| International Standard Book Number |
978-987-813-510-6 |
| 082 14 - DEWEY DECIMAL CLASSIFICATION NUMBER |
| Edition number |
14 |
| Classification number |
331.1 |
| 100 1# - MAIN ENTRY--PERSONAL NAME |
| 9 (RLIN) |
2201 |
| Personal name |
Senén González, Cecilia |
| Relator term |
comps. |
| 245 13 - TITLE STATEMENT |
| Title |
La agenda laboral en el contexto de la pandemia COVID-19 en América Latina y El Caribe / |
| Statement of responsibility, etc |
Compiladores Cecilia Senén González, Antonio Aravena Carrasco. |
| 260 ## - PUBLICATION, DISTRIBUTION, ETC. (IMPRINT) |
| Place of publication, distribution, etc |
Buenos Aires : |
| Name of publisher, distributor, etc |
CLACSO, |
| Date of publication, distribution, etc |
2023. |
| 300 ## - PHYSICAL DESCRIPTION |
| Extent |
329 p. |
| 440 ## - SERIES STATEMENT/ADDED ENTRY--TITLE |
| 9 (RLIN) |
8657 |
| Title |
Colección Grupos de Trabajo |
| 505 ## - FORMATTED CONTENTS NOTE |
| Title |
La investigación laboral en América Latina: aportes para pensar su agenda y desafíos / |
| Statement of responsibility |
Cecilia Senén González y Antonio Aravena Carrasco <br/> |
| 505 ## - FORMATTED CONTENTS NOTE |
| Title |
El trabajo en la pospandemia. Notas para una agenda de investigación / |
| Statement of responsibility |
Dídimo Castillo Fernández<br/> |
| 505 ## - FORMATTED CONTENTS NOTE |
| Title |
Una propuesta de agenda para los estudios del trabajo en América Latina y El Caribe / |
| Statement of responsibility |
Suelen Emilia Castiblanco<br/> |
| 505 ## - FORMATTED CONTENTS NOTE |
| Title |
Costa Rica durante la pandemia COVID-19: mercado laboral en crisis y derechos laborales colectivos bajo ataque / |
| Statement of responsibility |
Valeria Solano Chavarría y Daniel Cerdas-Sandí <br/> |
| 505 ## - FORMATTED CONTENTS NOTE |
| Title |
Al límite: una mirada a la situación y las condiciones del trabajo en Guatemala./ |
| Statement of responsibility |
Leslie Lemus<br/> |
| 505 ## - FORMATTED CONTENTS NOTE |
| Title |
Exclusión laboral en Panamá: estado reciente y transiciones laborales durante la pandemia de COVID-19 /<br/> |
| Statement of responsibility |
Giancarlo Roach Rivas <br/> |
| 505 ## - FORMATTED CONTENTS NOTE |
| Title |
Escenarios y agendas de investigación laboral en Centroamérica: aportes desde El Salvador / |
| Statement of responsibility |
Saira Johanna Barrera<br/> |
| 505 ## - FORMATTED CONTENTS NOTE |
| Title |
La pandemia y su efecto en el mundo del trabajo en Honduras: la precariedad e informalidad como nueva y vieja “normalidad” / |
| Statement of responsibility |
José Llopis<br/> |
| 505 ## - FORMATTED CONTENTS NOTE |
| Title |
Pandemia... ¿y después?: nuevos y viejos desafíos en el mundo del trabajo en Argentina / |
| Statement of responsibility |
Ana Laura Fernandez <br/> |
| 505 ## - FORMATTED CONTENTS NOTE |
| Title |
El futuro del trabajo y la pospandemia en Uruguay: fortalecer el diálogo social como instancia comunicativa. / |
| Statement of responsibility |
Mariela Quiñones y María Julia Acosta |
| 505 ## - FORMATTED CONTENTS NOTE |
| Title |
El movimiento sindical y los estudios laborales en Paraguay: desafíos y perspectivas para una agenda de investigación /<br/> |
| Statement of responsibility |
Raquel Rojas Scheffer |
| 505 ## - FORMATTED CONTENTS NOTE |
| Title |
Tendencias actuales de la Sociología del Trabajo en Brasil / |
| Statement of responsibility |
Roberto Véras de Oliveira |
| 505 ## - FORMATTED CONTENTS NOTE |
| Title |
Los Estudios del Trabajo en Chile. Una perspectiva cienciométrica del campo de investigación científica / |
| Statement of responsibility |
Felipe Bustos Velázquez, Dasten Julián-Vejar y Cristian Alister Sanhueza |
| 505 ## - FORMATTED CONTENTS NOTE |
| Title |
Ecuador y sus dos pandemias: análisis de los mecanismos de precarización laboral durante la emergencia sanitaria / |
| Statement of responsibility |
Jonathan Báez Valencia |
| 505 ## - FORMATTED CONTENTS NOTE |
| Title |
Una agenda de investigación para el mundo laboral en Bolivia / |
| Statement of responsibility |
Luis Fernando Castro |
| 505 ## - FORMATTED CONTENTS NOTE |
| Title |
Precariedad laboral y los estudios del mundo del trabajo en Perú / |
| Statement of responsibility |
Alejandra del Carmen Rivera Alvarado |
| 505 ## - FORMATTED CONTENTS NOTE |
| Title |
Una agenda de investigación para los múltiples problemas de los trabajadores (2013-2022) / |
| Statement of responsibility |
Héctor Lucena <br/> |
| 650 #0 - SUBJECT ADDED ENTRY--TOPICAL TERM |
| Source of heading or term |
unescot |
| 9 (RLIN) |
1033 |
| Topical term or geographic name as entry element |
MERCADO LABORAL |
| 650 #0 - SUBJECT ADDED ENTRY--TOPICAL TERM |
| Source of heading or term |
unescot |
| 9 (RLIN) |
606 |
| Topical term or geographic name as entry element |
TRABAJO |
| 650 #0 - SUBJECT ADDED ENTRY--TOPICAL TERM |
| Source of heading or term |
unescot |
| 9 (RLIN) |
9400 |
| Topical term or geographic name as entry element |
PANDEMIAS |
| 650 #0 - SUBJECT ADDED ENTRY--TOPICAL TERM |
| Source of heading or term |
unescot |
| 9 (RLIN) |
730 |
| Topical term or geographic name as entry element |
SINDICATO |
| 651 #0 - SUBJECT ADDED ENTRY--GEOGRAPHIC NAME |
| 9 (RLIN) |
326 |
| Geographic name |
ARGENTINA |
| 651 #0 - SUBJECT ADDED ENTRY--GEOGRAPHIC NAME |
| 9 (RLIN) |
1332 |
| Geographic name |
URUGUAY |
| 651 #0 - SUBJECT ADDED ENTRY--GEOGRAPHIC NAME |
| 9 (RLIN) |
1182 |
| Geographic name |
BRASIL |
| 651 #0 - SUBJECT ADDED ENTRY--GEOGRAPHIC NAME |
| 9 (RLIN) |
1381 |
| Geographic name |
CHILE |
| 651 #0 - SUBJECT ADDED ENTRY--GEOGRAPHIC NAME |
| 9 (RLIN) |
3475 |
| Geographic name |
ECUADOR |
| 651 #0 - SUBJECT ADDED ENTRY--GEOGRAPHIC NAME |
| 9 (RLIN) |
2755 |
| Geographic name |
BOLIVIA |
| 651 #0 - SUBJECT ADDED ENTRY--GEOGRAPHIC NAME |
| 9 (RLIN) |
2596 |
| Geographic name |
VENEZUELA |
| 700 1# - ADDED ENTRY--PERSONAL NAME |
| 9 (RLIN) |
20404 |
| Personal name |
Aravena Carrasco, Antonio |
| Relator term |
comps. |
| 856 ## - ELECTRONIC LOCATION AND ACCESS |
| Uniform Resource Identifier |
<a href="https://biblioteca-repositorio.clacso.edu.ar/bitstream/CLACSO/248527/1/La-agenda-laboral.pdf">https://biblioteca-repositorio.clacso.edu.ar/bitstream/CLACSO/248527/1/La-agenda-laboral.pdf</a> |
| 942 ## - ADDED ENTRY ELEMENTS (KOHA) |
| Source of classification or shelving scheme |
Dewey Decimal Classification |
| Item type |
Libro, folleto, traducción |
| 980 ## - EQUIVALENCE OR CROSS-REFERENCE-SERIES STATEMENT--PERSONAL NAME/TITLE [LOCAL, CANADA] |
| Linkage |
2 |
| Personal name |
Virginia Figueroa |
| Field link and sequence number |
2 |
| Miscellaneous information |
Virginia Figueroa |